000 00236nam a2200097Ia 4500
001 718529
005 20250826163025.0
008 250824s9999 xx 000 0 und d
245 0 _aSARI GELİN
_cORHAN YENİARAS
260 _bPANAMA YAYINLARI
999 _c718529
_d718529